Welcome to the Holygrace Academy Library

Please use search bar below to get started

SHIKARI SHAMBU ON THE RUN (Record no. 7039)

MARC details
000 -LEADER
fixed length control field 00311nam a22001337a 4500
020 ## - INTERNATIONAL STANDARD BOOK NUMBER
ISBN 93-5085-859-2
082 ## - DEWEY DECIMAL CLASSIFICATION NUMBER
Classification number 823
Item number TIN/S
100 ## - MAIN ENTRY--AUTHOR NAME
Personal name TINKLE
245 ## - TITLE STATEMENT
Title SHIKARI SHAMBU ON THE RUN
260 ## - PUBLICATION, DISTRIBUTION, ETC. (IMPRINT)
Place of publication MUMBAI
Name of publisher AMAR CHITRA KATHA PVT LTD
Year of publication 2022
300 ## - PHYSICAL DESCRIPTION
Number of Pages 72
650 ## - SUBJECT ADDED ENTRY--TOPICAL TERM
Topical Term COMIC FOR CHILDREN
Geographic subdivision INDIA
942 ## - ADDED ENTRY ELEMENTS (KOHA)
Koha item type Books
Holdings
Withdrawn status Lost status Collection code Home library Current library Shelving location Date acquired Source of acquisition Cost, normal purchase price Full call number Accession Number Koha item type
    Fiction Main Library Main Library NEW SHELF WITH NEW ENTRY 26/10/2023 purchase 225.00 823 TIN/S 13264 Books